| 000 | 00831nam a22002297a 4500 | ||
|---|---|---|---|
| 999 |
_c178731 _d178731 |
||
| 005 | 20220216103522.0 | ||
| 010 | _aENG-129438 | ||
| 020 |
_c1995.00 _a978-93-88016-68-1 |
||
| 035 | _aEN-112970 | ||
| 037 | _bDBAD/PUB | ||
| 082 | _a371.9 | ||
| 100 | _aJasmer Singh | ||
| 245 |
_aHandbook on Special Education and Children With Special Needs/ _bJasmer Singh, et. al. |
||
| 260 |
_aNew Delhi _bNeelkamal Publications _c2019 |
||
| 270 |
_a4764/1, 23, Ansari Road, Daryaganj _bNew Delhi _e110002 _k011-23244237, 98118-28953 _mneelkamalbooks@gmail.com |
||
| 300 |
_axviii+498p. _c24cm(hbk) _bincluding illustrations, Bibliographical references and index. |
||
| 700 | _aJasmer Singh | ||
| 700 | _aG. Sri Krishna | ||
| 700 | _aMishra, Premananda | ||
| 700 | _aReddy, K. Srinivas | ||
| 942 |
_2ddc _cEN _h371.9 _mSPE |
||